000 00659nam a2200205Ii 4500
003 JO-AjNU
008 230605s9999||||xx |||||||||||||| ||und||
040 _aJO-AjNU
_bara
_erda
_cJO-AjNU
041 _aara
050 1 4 _aPJ7698 2004
100 3 _aإعداد محمود بديع,
_eauthor
_950299
245 0 0 _aديوان الإمام علي بن أبي طالب وحكمه
250 _aط1
264 3 1 _aعمان:دار الإسراء،2004
300 _a96ص
336 _atext
_btxt
_2rdacontent
337 _aunmediated
_bn
_2rdamedia
338 _avolume
_bnc
_2rdacarrier
650 4 _aالشعر العربي - عصر صدر الإسلام
_950300
999 _aA22148
_c25716
_d25716